Govt. of
Madhya Pradesh

Normal view MARC view

Entry Personal Name

Number of records used in: 1

001 - CONTROL NUMBER

  • control field: 78935

003 - CONTROL NUMBER IDENTIFIER

  • control field: OSt

005 - DATE AND TIME OF LATEST TRANSACTION

  • control field: 20200714155937.0

008 - FIXED-LENGTH DATA ELEMENTS

  • fixed length control field: 200714|| aca||aabn | a|a d

040 ## - CATALOGING SOURCE

  • Original cataloging agency: OSt
  • Transcribing agency: OSt

100 ## - HEADING--PERSONAL NAME

  • Personal name: यादव,डॉ .मनमोहन सिंह

670 ## - SOURCE DATA FOUND

  • Source citation: Work cat.: (OSt): यादव,डॉ .मनमोहन सिंह , शिखर की और , 2016